LEADER 01498nam 2200421Ia 450 001 996396255403316 005 20200824125153.0 035 $a(CKB)4330000000328813 035 $a(EEBO)2264207748 035 $a(OCoLC)ocm7869698e 035 $a(OCoLC)7869698 035 $a(EXLCZ)994330000000328813 100 $a19811022d1657 uy | 101 0 $aeng 135 $aurbn||||a|bb| 200 14$aThe great assize, or, Day of iubilee$b[electronic resource] $ein which we must make a generall accompt of all our actions before Almighty God : delivered in foure sermons upon the 20. chap. of the Revel. : plainly shewing the happy estate of the godly and the wofull condition of the wicked ... /$fby Samuel Smith 205 $aThe eighteenth impression. 210 $aLondon $cPrinted by William Wilson$d1657 215 $a[2], 263 p 300 $aCopy imperfect: p. 77-78 torn, pages stained. 300 $aIllustrated half t.p. 300 $aReproduction of original in the Union Theological Seminary Library, New York. 330 $aeebo-0160 606 $aJudgment Day$vSermons 606 $aSermons, English$y17th century 615 0$aJudgment Day 615 0$aSermons, English 700 $aSmith$b Samuel$f1588-1665.$01001235 801 0$bUMI 801 1$bUMI 801 2$bOCL 801 2$bm/c 801 2$bUMI 801 2$bWaOLN 906 $aBOOK 912 $a996396255403316 996 $aThe great assize: or day of iubilee$92298062 997 $aUNISA